Vegetables and Fruit starting with c - Statistics

General Stats
  • This quiz has been taken 107 times
  • The average score is 5 of 16
Answer Stats
Hint Answer % Correct
ca carrot
88%
cu cucumber
79%
ce celery
75%
ca cabbage
60%
ca cauliflower
46%
co corn
33%
ch chard
17%
ch chives
15%
ca capsicum
12%
ch chilli
11%
co courgette
11%
ci cilantro
10%
ce celeriac
8%
ca capers
3%
ca cantaloupes
1%
co comfrey
0%
No matching quizzes found
Score Distribution
Percent of People with Each Score
Percentile by Number Answered
Your Score History
You have not taken this quiz